000 00480 a2200169 4500
003 OSt
005 20231222105218.0
008 231220b |||||||| |||| 00| 0 eng d
020 _a9789355183309
040 _coclc
082 _a891.432
_bWAJ/G
100 _aWajahat, Asghar
_910190
245 _aGODSE@GANDHI.COM /
_cAsghar Wajahat
260 _aNew Delhi:
_bVani Prakashan,
_c2022.
300 _a119p
942 _2ddc
_cBK
_h891.432
_iWAJ/G
_k891.432
_mWAJ/G
999 _c43523
_d43523